000 00543nam a2200181Ia 4500
003 GCL
005 20240530103239.0
008 140319s9999 xx 000 0 ara d
040 _aGCL /
_cGCL
082 0 4 _a413
_bا م
100 1 _aاميل بديع يعقوب
245 1 0 _aالمعجم المفصل فى المذكر والمؤنث /
_cاميل بديع يعقوب
300 _a560 ص
490 _aالخوانة اللغوية
_v0
650 0 4 _aالنحو
650 0 4 _aاللغة العربية - المعاجم
942 _2ddc
_cBK
999 _c37857
_d37857